000 00363nam a2200157Ia 4500
999 _c1036
_d1036
003 OSt
005 20190927194806.0
008 190722s9999 xx 000 0 und d
020 _a978-8120777750
040 _cmaju
100 _aRC Bhatia
245 0 _aPrinciples of Management
260 _aNew Delhi
_bMcGraw Hill
_c2014
300 _a942
942 _cBK
_2ddc